Normal view MARC view
  • Narsapur A & Sawaji M

Entry Personal Name

Number of records used in: 1

001 - CONTROL NUMBER

  • control field: 215278

003 - CONTROL NUMBER IDENTIFIER

  • control field: OSt

005 - DATE AND TIME OF LATEST TRANSACTION

  • control field: 20251121145322.0

008 - FIXED-LENGTH DATA ELEMENTS

  • fixed length control field: 251121|| aca||aabn | a|a d

040 ## - CATALOGING SOURCE

  • Original cataloging agency: OSt
  • Transcribing agency: OSt

100 ## - HEADING--PERSONAL NAME

  • Personal name: Narsapur A & Sawaji M

670 ## - SOURCE DATA FOUND

  • Source citation: Work cat.: (OSt)94110: Narsapur A 215277, Samartha Sahajeevan, 2012